Industrial hazard and safety handbook (Record no. 31970)

MARC details
000 -LEADER
fixed length control field 00322nam a2200121Ia 4500
082 ## - DEWEY DECIMAL CLASSIFICATION NUMBER
Classification number 614.8(035)
Item number KIN
100 ## - MAIN ENTRY--AUTHOR NAME
Personal name King, Ralph W
245 #0 - TITLE STATEMENT
Title Industrial hazard and safety handbook
260 ## - PUBLICATION, DISTRIBUTION, ETC. (IMPRINT)
Place of publication London
Name of publisher Newnes-Butterworths
Year of publication 1979
700 ## - ADDED ENTRY--PERSONAL NAME
Personal name Magid, John
942 ## - ADDED ENTRY ELEMENTS (KOHA)
Koha item type Books
Holdings
Withdrawn status Lost status Damaged status Not for loan Home library Current library Date acquired Cost, normal purchase price Full call number Accession Number Koha item type
        RRII Library RRII Library 16/12/2021 25.00 614.8(035) KIN 12496 Books